000 00679cab a2200193 4500
001 L136641
008 070213n2007 000 0 eng u
035 _a(Sirsi) u136641
041 0 _aeng
100 1 _aBarnes, Yolande
245 0 0 _aEco value
260 _c2007
490 0 0 _aHousebuilder
_v66(1) January/February 2007, 39(1)
520 _aLooks at the financial implications of the Government's drive for more eco-friendly homes and argues that developers need to find creative ways to recoup the costs they are likely to incur.
590 _aKA
651 4 _aUnited Kingdom
_y
690 _aPROPERTY-PROPERTY DEVELOPMENT-SUSTAINABLE PROPERTY DEVELOPMENT
942 _n0
999 _c78385
_d78385